000 00538nam a2200181Ia 4500
003 GCL
008 140319s9999 xx 000 0 ara d
040 _aGCL /
_cGCL
082 0 4 _a190
_bم ح
100 1 _aملحم قربان
245 1 0 _aالحقوق الانسانية: رهنا بالتبادعية /
_cملحم قربان
260 _a[S.N] :
_bالمؤسسة الحديثة للكتاب ،
_c1990
300 _a454 ص
490 _a
650 0 4 _aالفلسفة
650 0 4 _aالفلسفة الغربية
942 _2ddc
_cBK
999 _c58994
_d58994